Việt Nam : Hình ảnh cộng đồng 54 dân tộc = Vietnam image of the community of 54 ethnic groups
Sách giới thiệu người thật, trang phục thật, phong cảnh thật của 54 dân tộc đang sinh sống trên lãnh thổ Việt Nam.
Đã lưu trong:
| 企业作者: | |
|---|---|
| 格式: | 图书 |
| 语言: | Undetermined |
| 出版: |
Hà Nội
Thông Tấn
2002
|
| 主题: | |
| 标签: |
添加标签
没有标签, 成为第一个标记此记录!
|
| Thư viện lưu trữ: | Trung tâm Học liệu Trường Đại học Cần Thơ |
|---|
| LEADER | 00863nam a2200229Ia 4500 | ||
|---|---|---|---|
| 001 | CTU_58257 | ||
| 008 | 210402s9999 xx 000 0 und d | ||
| 082 | |a 305.89597 | ||
| 082 | |b Th455 | ||
| 110 | |a Thông tấn xã Việt Nam | ||
| 245 | 0 | |a Việt Nam : | |
| 245 | 0 | |b Hình ảnh cộng đồng 54 dân tộc = Vietnam image of the community of 54 ethnic groups | |
| 245 | 0 | |c Thông tấn xã Việt Nam | |
| 260 | |a Hà Nội | ||
| 260 | |b Thông Tấn | ||
| 260 | |c 2002 | ||
| 520 | |a Sách giới thiệu người thật, trang phục thật, phong cảnh thật của 54 dân tộc đang sinh sống trên lãnh thổ Việt Nam. | ||
| 650 | |a Vietnam,Ethnology | ||
| 650 | |x Ethnic relations | ||
| 650 | |z Vietnam | ||
| 904 | |i Minh | ||
| 980 | |a Trung tâm Học liệu Trường Đại học Cần Thơ | ||